Statistics for Independence from Whom

Click here to take the quiz!

General Stats

  • This quiz has been taken 65,175 times
    (64,271 since last reset)
  • The average score is 17 of 24

Answer Stats

Year Country Independent From % Correct
1776United StatesGreat Britain
99%
1810MexicoSpain
97%
1822BrazilPortugal
92%
1962AlgeriaFrance
86%
1911MongoliaChina
83%
2011South SudanSudan
82%
1991EstoniaSoviet Union
80%
1810ArgentinaSpain
79%
1905NorwaySweden
78%
1962JamaicaUnited Kingdom
77%
1991CroatiaYugoslavia
74%
1944IcelandDenmark
73%
1822GreeceOttoman Empire
71%
1960NigeriaUnited Kingdom
69%
1960Dem. Rep of the CongoBelgium
67%
2002East TimorIndonesia
64%
1945IndonesiaNetherlands
62%
1965SingaporeMalaysia
62%
1971BangladeshPakistan 
62%
1946PhilippinesUnited States
61%
1993EritreaEthiopia
61%
1975Papua New GuineaAustralia
53%
1903PanamaColombia
50%
1962SamoaNew Zealand
38%

Score Distribution

Percentile by Number Answered

Percent of People with Each Score

Your Score History

You have not taken this quiz since the last reset